00507nam a2200169Ia 4500008004100000020001500041041000800056082001600064100001900080245002600099250000600125260003200131300000800163650002200171999001900193952012500212210716s2004 xx 000 0 und d a8176497177 aeng a153.43 POKS aPokras, Sandy. aTeam problem solving. a1 aNew DelhibViva Booksc2004 a132 aGeneral Knowledge c186224d186224 001040708MCAaAIMITbAIMITeBook Worldg125.00l0o153.43 POKSpMCA05732r2026-05-23 00:00:00v106.25w2021-07-16yBK